| 000 | 00550nam a2200181 i 4500 | ||
|---|---|---|---|
| 001 | 69567 | ||
| 003 | ES-MaACL | ||
| 005 | 20230906170542.0 | ||
| 007 | t| | ||
| 008 | 040707s1981 sp ||||1| spa d | ||
| 100 | 1 |
_aGarcía de Enterría, Eduardo. _954425 |
|
| 245 | 1 | 0 |
_aLecciones de derecho urbanístico / _cEduardo García de Enterría, Luciano Parejo Alfonso. |
| 250 | _a[2ª ed.]. | ||
| 260 |
_aMadrid : _bCivitas, _c1981. |
||
| 300 |
_a908 p. ; _c25 cm. |
||
| 700 | 1 |
_aParejo Alfonso, Eduardo. _989070 |
|
| 852 |
_aES-MaACL _jL-1780 _bR.102727 |
||
| 999 |
_c69567 _d69567 |
||